[Event "Team match"]
[Site "London"]
[Date "1991.07.11"]
[Round "?"]
[White "Stebbings, A."]
[Black "Aris, L."]
[Result "1-0"]
[WhiteElo "2248"]
[BlackElo "1784"]
[PlyCount "65"]
[EventDate "1991.??.??"]

1. e4 c6 2. d4 d5 3. exd5 cxd5 4. c4 Nf6 5. Nc3 g6 6. Qb3 Bg7 7. cxd5 O-O 8.
Be2 Nbd7 9. Bf3 Nb6 10. Nge2 Bg4 11. Bxg4 Nxg4 12. a4 Qd7 13. a5 Nc8 14. O-O
Nd6 15. h3 Nf6 16. Re1 Nf5 17. Ra4 Rfd8 18. Rb4 Nxd5 19. Rxb7 Qc6 20. Nxd5 Rxd5
21. Bd2 e6 22. Bc3 Bxd4 23. Nxd4 Nxd4 24. Bxd4 Rxd4 25. Rxa7 Rxa7 26. Qb8+ Kg7
27. Qxa7 Rd7 28. Qe3 Rb7 29. Ra1 Qa6 30. b4 Kg8 31. Qc5 Rb5 32. Qc4 Qb7 33. a6
1-0

[Event "Tournament: Lloyds Bank Masters"]
[Site "London"]
[Date "1991.08.17"]
[Round "?"]
[White "Stebbings, A."]
[Black "Leko, P."]
[Result "1/2-1/2"]
[WhiteElo "2248"]
[BlackElo "2384"]
[PlyCount "54"]
[EventDate "1991.??.??"]

1. d4 Nf6 2. c4 g6 3. Nc3 d5 4. Bf4 Bg7 5. e3 c5 6. dxc5 Qa5 7. Rc1 dxc4 8.
Bxc4 O-O 9. Nf3 Qxc5 10. Bb3 Nc6 11. h3 Bf5 12. O-O Qa5 13. Qe2 Ne4 14. Nd5 e5
15. Rxc6 exf4 16. Rc7 Be6 17. Qe1 Qb5 18. Ne7+ Kh8 19. Bxe6 fxe6 20. Qb1 Ng5
21. Nh4 Nxh3+ 22. Kh2 fxe3 23. Nhxg6+ hxg6 24. Nxg6+ Kg8 25. Ne7+ Kh8 26. Ng6+
Kg8 27. Ne7+ Kh8 1/2-1/2

[Event "Tournament: Lloyds Bank Masters"]
[Site "London"]
[Date "1991.08.18"]
[Round "?"]
[White "Rashid, M."]
[Black "Stebbings, A."]
[Result "0-1"]
[WhiteElo "2000"]
[BlackElo "2248"]
[PlyCount "94"]
[EventDate "1991.??.??"]

1. c4 Nf6 2. g3 c5 3. Bg2 d5 4. cxd5 Nxd5 5. Nf3 Nc6 6. O-O e5 7. Nc3 Nc7 8. d3
Be7 9. Be3 O-O 10. Na4 b6 11. Rc1 Nd5 12. Bd2 Be6 13. b3 Rc8 14. Nb2 f6 15. Nc4
Qd7 16. Ne3 Nc7 17. Bc3 Rfd8 18. Qd2 Bf8 19. Qb2 Nb5 20. Nc4 Nbd4 21. Rfd1 Bg4
22. Bxd4 exd4 23. Re1 Re8 24. a3 Bd6 25. h3 Be6 26. Kh2 Ne7 27. Nxd6 Qxd6 28.
b4 Nd5 29. Nd2 f5 30. Nc4 Qc7 31. e4 fxe4 32. dxe4 Nc3 33. Nd2 g5 34. e5 Kh8
35. Ne4 Nxe4 36. Rxe4 Bd5 37. Ree1 Bxg2 38. Kxg2 Rxe5 39. bxc5 bxc5 40. Rxe5
Qxe5 41. Qb7 Qc7 42. Qb2 Qc6+ 43. Kg1 Qd5 44. Qb5 d3 45. Qb2+ Kg8 46. Qf6 c4
47. h4 d2 0-1

[Event "Tournament: Lloyds Bank Masters"]
[Site "London"]
[Date "1991.08.19"]
[Round "?"]
[White "Stebbings, A."]
[Black "Rahman, Z."]
[Result "1/2-1/2"]
[WhiteElo "2248"]
[BlackElo "2384"]
[PlyCount "89"]
[EventDate "1991.??.??"]

1. d4 d5 2. c4 e6 3. Nc3 c6 4. e3 Bd6 5. Nf3 Nd7 6. Qc2 f5 7. Bd3 Ngf6 8. cxd5
cxd5 9. Nb5 Bb8 10. Bd2 a6 11. Rc1 Bxh2 12. Rxh2 axb5 13. Bxb5 O-O 14. Bb4 Ng4
15. Rh1 Rf7 16. Qc7 Qxc7 17. Rxc7 Ndf6 18. Rc2 Bd7 19. Bxd7 Rxd7 20. a3 Ne4 21.
Nh2 g6 22. Nf1 Ngf6 23. f3 Ng5 24. Nd2 Nf7 25. Kf2 Nd8 26. Rhc1 Nc6 27. Bc5 Rf7
28. Bd6 g5 29. Nb3 Nd7 30. Rh1 Kg7 31. f4 h6 32. Nc1 Nf6 33. Be5 Nxe5 34. dxe5
Ne4+ 35. Ke1 Ng3 36. Rg1 gxf4 37. exf4 Ra4 38. Nd3 Rd4 39. Kd2 Ne4+ 40. Ke3 Rc4
41. Rxc4 dxc4 42. Nf2 Nxf2 43. Kxf2 Rd7 44. Rc1 Rd2+ 45. Kf3 1/2-1/2

[Event "Tournament: Lloyds Bank Masters"]
[Site "London"]
[Date "1991.08.21"]
[Round "?"]
[White "Stebbings, A."]
[Black "Corkett, A."]
[Result "1-0"]
[WhiteElo "2248"]
[BlackElo "2336"]
[PlyCount "69"]
[EventDate "1991.??.??"]

1. d4 Nf6 2. c4 g6 3. Nc3 Bg7 4. e4 d6 5. f3 O-O 6. Be3 Nc6 7. Qd2 a6 8. Nge2
Rb8 9. h4 h5 10. O-O-O b5 11. Bh6 bxc4 12. g4 Nb4 13. Ng3 c5 14. gxh5 cxd4 15.
Bxg7 Kxg7 16. Qxd4 Qa5 17. Bxc4 Nc6 18. Qe3 Qb4 19. Bb3 Na5 20. hxg6 Nxb3+ 21.
axb3 Qxb3 22. Rd2 fxg6 23. h5 Rh8 24. Qg5 Rh6 25. Rdh2 Rb7 26. hxg6 Rxg6 27.
Nh5+ Kf7 28. Qd2 Be6 29. Nxf6 Rxf6 30. e5 Rxf3 31. exd6 Rxc3+ 32. Qxc3 Qxc3+
33. bxc3 Bf5 34. dxe7 Kxe7 35. Rh7+ 1-0

[Event "Tournament: Lloyds Bank Masters"]
[Site "London"]
[Date "1991.08.22"]
[Round "?"]
[White "Szekely, P."]
[Black "Stebbings, A."]
[Result "1-0"]
[WhiteElo "2448"]
[BlackElo "2248"]
[PlyCount "81"]
[EventDate "1991.??.??"]

1. Nf3 Nf6 2. c4 c5 3. g3 d5 4. Bg2 Nc6 5. O-O e5 6. Qa4 Bd6 7. Ng5 Be7 8. cxd5
Nxd5 9. Qc4 Ncb4 10. Nc3 Bxg5 11. Nxd5 Na6 12. h4 Be7 13. Qb5+ Qd7 14. Qxd7+
Kxd7 15. Nxe7 Kxe7 16. d3 Rb8 17. f4 Bg4 18. fxe5 Bxe2 19. Bg5+ Ke8 20. Rf2
Bxd3 21. Rd1 c4 22. b3 Nc5 23. Bd5 Ne6 24. Be3 Rd8 25. Bxb7 Ke7 26. bxc4 Bxc4
27. Rc1 Bd5 28. Ba6 Rd7 29. Rb2 Rhd8 30. Kf2 Be4 31. Bc8 Rc7 32. Rxc7+ Nxc7 33.
Bg4 Rd5 34. Bxa7 Rxe5 35. Bd4 Ra5 36. Re2 f5 37. Bb6 Rb5 38. Bxc7 Kd7 39. Rxe4
Kxc7 40. Rc4+ Kd6 41. Be2 1-0

[Event "Tournament: Lloyds Bank Masters"]
[Site "London"]
[Date "1991.08.23"]
[Round "?"]
[White "Stebbings, A."]
[Black "Rahman, S."]
[Result "1/2-1/2"]
[WhiteElo "2248"]
[BlackElo "2304"]
[PlyCount "86"]
[EventDate "1991.??.??"]

1. d4 d5 2. c4 e6 3. Nc3 c6 4. e3 Nf6 5. Nf3 Nbd7 6. Qc2 Bd6 7. b3 O-O 8. Be2
Qe7 9. O-O dxc4 10. bxc4 e5 11. Bb2 e4 12. Nd2 Re8 13. Rfe1 Nf8 14. f3 exf3 15.
Bxf3 Ng4 16. Nf1 Ng6 17. g3 Qf8 18. c5 Bc7 19. Qb3 Rb8 20. Qa4 a6 21. Ne4 f5
22. Ned2 Nf6 23. Bc3 Be6 24. Ba5 Bxa5 25. Qxa5 Ne7 26. Rab1 Bd5 27. Rb2 Bxf3
28. Nxf3 Ned5 29. Ne5 Rxe5 30. dxe5 Nd7 31. Rf2 Qe7 32. Rxf5 Nxe5 33. Qd2 g6
34. Rf2 Rf8 35. Qe2 Rxf2 36. Kxf2 Nc3 37. Qc2 Qf7+ 38. Kg2 Qf3+ 39. Kg1 Ne4 40.
Rb1 Ng5 41. Qg2 Qf5 42. e4 Nh3+ 43. Kh1 Nf2+ 1/2-1/2

[Event "Tournament: Lloyds Bank Masters"]
[Site "London"]
[Date "1991.08.24"]
[Round "?"]
[White "Glueck, D."]
[Black "Stebbings, A."]
[Result "0-1"]
[WhiteElo "2416"]
[BlackElo "2248"]
[PlyCount "118"]
[EventDate "1991.??.??"]

1. e4 c5 2. Nf3 e6 3. d3 Nc6 4. g3 d5 5. Qe2 Nge7 6. Bg2 g6 7. O-O Bg7 8. Re1
h6 9. h4 b6 10. e5 Qc7 11. c4 dxc4 12. dxc4 Nf5 13. Nc3 Nfd4 14. Qe4 Rb8 15.
Nxd4 Nxd4 16. Nb5 Nxb5 17. cxb5 Bb7 18. Qe2 Bxg2 19. Kxg2 Qb7+ 20. Qe4 Ke7 21.
Bd2 Rhd8 22. Qxb7+ Rxb7 23. Bc3 Rd5 24. Re4 h5 25. a4 Kd7 26. f4 Bf8 27. a5
bxa5 28. Rxa5 Kc8 29. Rea4 Rdd7 30. Kf3 Kb8 31. Ke4 Be7 32. Ra1 Bd8 33. R5a4
Rxb5 34. Rg1 Rbb7 35. Rc4 Rd5 36. Ra1 Bb6 37. Rc1 Rbd7 38. Rg1 Kb7 39. Rg2 Kc6
40. Ra4 Kb5 41. Ra1 c4 42. Re1 Rd3 43. Ree2 a5 44. f5 exf5+ 45. Kf4 a4 46. Be1
Bd8 47. Bc3 a3 48. e6 fxe6 49. Rg1 a2 50. Ra1 Ra7 51. Re5+ Rd5 52. Rxe6 Bc7+
53. Kg5 f4+ 54. Kxg6 fxg3 55. Re2 Ra6+ 56. Kf7 Rd7+ 57. Ke8 Rh7 58. Kf8 Bd6+
59. Kg8 Re7 0-1

[Event "Tournament: Lloyds Bank Masters"]
[Site "London"]
[Date "1991.08.25"]
[Round "?"]
[White "Stebbings, A."]
[Black "Suetin, A."]
[Result "0-1"]
[WhiteElo "2248"]
[BlackElo "2408"]
[PlyCount "80"]
[EventDate "1991.??.??"]

1. d4 Nf6 2. c4 c5 3. Nf3 cxd4 4. Nxd4 a6 5. Nc3 e6 6. g3 Be7 7. Bg2 O-O 8. O-O
Qc7 9. Qd3 d6 10. b3 Bd7 11. Bb2 Nc6 12. Rac1 Qa5 13. Rfd1 Rfd8 14. a3 Ne5 15.
Qd2 Qb6 16. e3 Rac8 17. Qe2 Qa7 18. h3 Qb8 19. f4 Ng6 20. Kh2 Bf8 21. Bf3 e5
22. Nc2 Re8 23. Qg2 Bc6 24. Nb4 exf4 25. exf4 Bxf3 26. Qxf3 Ne7 27. Re1 a5 28.
Nbd5 Nexd5 29. Nxd5 Nxd5 30. Qxd5 b5 31. Rxe8 Rxe8 32. Rc2 bxc4 33. Qxc4 Qb7
34. Bd4 Qe4 35. Qc3 d5 36. Rd2 Bxa3 37. Qd3 Bb4 38. Bc3 Bxc3 39. Qxc3 Qe1 40.
Qd3 Re3 0-1

[Event "Tournament: Lloyds Bank Masters"]
[Site "London"]
[Date "1991.08.26"]
[Round "?"]
[White "Ofek, R."]
[Black "Stebbings, A."]
[Result "0-1"]
[WhiteElo "2304"]
[BlackElo "2248"]
[PlyCount "64"]
[EventDate "1991.??.??"]

1. e4 c5 2. Nf3 e6 3. d4 cxd4 4. Nxd4 Nc6 5. Nb5 d6 6. c4 Nf6 7. N1c3 a6 8. Na3
Be7 9. Be2 b6 10. f4 Bb7 11. Be3 Nb8 12. Bf3 Nbd7 13. O-O O-O 14. Rc1 Rc8 15.
Qe2 Re8 16. g4 h6 17. Rfd1 Nh7 18. Nc2 Qc7 19. Na3 g5 20. h4 gxf4 21. Bxf4 Ne5
22. Qf2 Bxh4 23. Qe2 Bg5 24. Bxg5 Nxg5 25. Bg2 Red8 26. Kh1 Qc5 27. Ncb1 Ng6
28. Rf1 Qe5 29. Nc3 Nf4 30. Qd2 Nxg2 31. Qxg2 Bxe4 32. Nxe4 Qxe4 0-1

[Event "Kent league"]
[Site "?"]
[Date "1991.10.01"]
[Round "?"]
[White "Percival, F."]
[Black "Stebbings, A."]
[Result "0-1"]
[WhiteElo "2024"]
[BlackElo "2248"]
[PlyCount "64"]
[EventDate "1991.??.??"]

1. e4 c5 2. Nf3 e6 3. d4 cxd4 4. Nxd4 Nc6 5. c4 Nf6 6. Nc3 Bb4 7. f3 O-O 8. Be2
d5 9. Nxc6 bxc6 10. cxd5 exd5 11. Bd2 dxe4 12. O-O exf3 13. Bxf3 Ba6 14. Re1
Bc5+ 15. Kh1 Bf2 16. Re5 Bd4 17. Rg5 h6 18. Rf5 Bd3 19. Rf4 Be5 20. Rh4 Nd5 21.
Rh5 Re8 22. Qa4 Bg6 23. Rxe5 Rxe5 24. Qxc6 Rc8 25. Qb5 a6 26. Qxa6 Nb4 27. Qb7
Nd3 28. Rf1 Rb8 29. Qa7 Rxb2 30. Be3 Re7 31. Qa3 Rxe3 32. Nd5 Nf2+ 0-1

[Event "London league"]
[Site "?"]
[Date "1991.10.16"]
[Round "?"]
[White "Stebbings, A."]
[Black "Pein, M."]
[Result "1/2-1/2"]
[WhiteElo "2248"]
[BlackElo "2464"]
[PlyCount "59"]
[EventDate "1991.??.??"]

1. e4 e6 2. d4 d5 3. Nd2 c5 4. exd5 exd5 5. Bb5+ Bd7 6. Qe2+ Be7 7. dxc5 Nf6 8.
Nb3 O-O 9. Be3 Bxb5 10. Qxb5 Qc7 11. Nf3 Nbd7 12. O-O Rfc8 13. Rad1 a5 14. a4
Nxc5 15. Nxc5 Bxc5 16. Bxc5 Qxc5 17. Qxc5 Rxc5 18. Nd4 Re8 19. Rd3 Kf8 20. Rfd1
Nd7 21. Kf1 Ne5 22. Rb3 Nc6 23. c3 Nxd4 24. Rxd4 Re7 25. Rb6 Ke8 26. Rd6 Re5
27. Rb6 Re7 28. Rd6 Re5 29. Rb6 Re7 30. Rd6 1/2-1/2

[Event "County match"]
[Site "?"]
[Date "1991.10.19"]
[Round "?"]
[White "Kinsman, A."]
[Black "Stebbings, A."]
[Result "1-0"]
[WhiteElo "2352"]
[BlackElo "2248"]
[PlyCount "41"]
[EventDate "1991.??.??"]

1. d4 Nf6 2. Bg5 Ne4 3. Bf4 d5 4. Nd2 Bf5 5. e3 e6 6. Nxe4 Bxe4 7. Ne2 Be7 8.
Ng3 Bg6 9. c3 c6 10. Bd3 Qb6 11. Rb1 Bxd3 12. Qxd3 c5 13. dxc5 Bxc5 14. O-O O-O
15. e4 Rd8 16. Nh5 g6 17. Qg3 Bd6 18. Nf6+ Kh8 19. Qh4 h5 20. e5 Bc7 21. Qg5
1-0

[Event "Kent league"]
[Site "?"]
[Date "1991.10.22"]
[Round "?"]
[White "Stebbings, A."]
[Black "Tucker, A."]
[Result "1-0"]
[WhiteElo "2248"]
[BlackElo "2040"]
[PlyCount "72"]
[EventDate "1991.??.??"]

1. e4 d6 2. d4 g6 3. Nc3 Bg7 4. Nge2 Nf6 5. g3 O-O 6. Bg2 Nc6 7. h3 e5 8. Be3
Bd7 9. O-O exd4 10. Nxd4 Re8 11. Re1 a6 12. a4 Rb8 13. a5 Qc8 14. Kh2 Re5 15.
g4 Rxa5 16. Nxc6 Rxa1 17. Ne7+ Kf8 18. Qxa1 Kxe7 19. e5 dxe5 20. Qa3+ Ke8 21.
Ba7 Ra8 22. Bd4 Be6 23. Bxe5 Bf8 24. Qa5 Bd6 25. Bxd6 cxd6 26. Qb6 Nd7 27. Qxd6
Qb8 28. Ne4 Kd8 29. Kg1 Qxd6 30. Nxd6 Kc7 31. Rd1 Rb8 32. f4 f6 33. f5 gxf5 34.
gxf5 Bg8 35. Nxb7 Ne5 36. b3 Rxb7 1-0

[Event "London league"]
[Site "?"]
[Date "1991.10.30"]
[Round "?"]
[White "Bryans, N."]
[Black "Stebbings, A."]
[Result "0-1"]
[WhiteElo "2176"]
[BlackElo "2248"]
[PlyCount "62"]
[EventDate "1991.??.??"]

1. e4 c5 2. Nf3 e6 3. d4 cxd4 4. Nxd4 Nc6 5. Nxc6 bxc6 6. Bd3 d5 7. O-O Nf6 8.
Nd2 Be7 9. Re1 O-O 10. Qe2 Qb6 11. c4 Rd8 12. e5 Nd7 13. Nf3 h6 14. cxd5 cxd5
15. Be3 Bc5 16. Qd2 Ba6 17. Bxa6 Qxa6 18. b4 Bxe3 19. Qxe3 Qa4 20. Nd4 Rdc8 21.
a3 Rc4 22. Rad1 Rac8 23. Rd3 a5 24. Qf4 Qc2 25. Rg3 Qc1 26. Qxc1 Rxc1 27. Kf1
axb4 28. axb4 Nxe5 29. Rb3 Rxe1+ 30. Kxe1 Nc4 31. b5 Kf8 0-1

[Event "County match"]
[Site "?"]
[Date "1991.11.02"]
[Round "?"]
[White "Stebbings, A."]
[Black "Kwiatkowski, F."]
[Result "0-1"]
[WhiteElo "2248"]
[BlackElo "2216"]
[PlyCount "60"]
[EventDate "1991.??.??"]

1. d4 Nf6 2. c4 e6 3. Nc3 Bb4 4. e3 b6 5. Nge2 Ba6 6. Ng3 Bxc3+ 7. bxc3 d5 8.
Ba3 Bxc4 9. Bxc4 dxc4 10. e4 Qd7 11. O-O Qb5 12. Rb1 Qa6 13. Bb4 Nbd7 14. a4 c5
15. dxc5 bxc5 16. Ba3 O-O 17. Rb5 Qc6 18. Re1 a6 19. Rb1 Ne5 20. Nh5 Nxh5 21.
Qxh5 Nd3 22. Re3 Rab8 23. Rf1 Rb3 24. Rh3 Qxe4 25. Bxc5 Nf4 26. Qxh7+ Qxh7 27.
Rxh7 Rc8 28. Rh4 Ne2+ 29. Kh1 Rxc5 30. Rd1 Rd5 0-1

[Event "County match"]
[Site "?"]
[Date "1991.11.16"]
[Round "?"]
[White "Stebbings, A."]
[Black "Whiteley, A."]
[Result "1/2-1/2"]
[WhiteElo "2248"]
[BlackElo "2304"]
[PlyCount "49"]
[EventDate "1991.??.??"]

1. e4 e6 2. d4 d5 3. Nd2 Nf6 4. e5 Nfd7 5. f4 c5 6. c3 cxd4 7. cxd4 Nc6 8. Ndf3
Nb6 9. Ne2 Be7 10. g3 Bd7 11. Bh3 g6 12. O-O h5 13. Rf2 Kf8 14. Bf1 a5 15. a4
Kg7 16. h3 Nb4 17. g4 hxg4 18. hxg4 Qc7 19. Nc3 Nc8 20. Bd2 Na7 21. Be1 Qb6 22.
Qb3 Rac8 23. Rd1 Nac6 24. Rdd2 Rh6 25. Qd1 1/2-1/2

[Event "National Club ch."]
[Site "?"]
[Date "1991.11.30"]
[Round "?"]
[White "Sachs, J."]
[Black "Stebbings, A."]
[Result "0-1"]
[WhiteElo "2056"]
[BlackElo "2248"]
[PlyCount "83"]
[EventDate "1991.??.??"]

1. Nf3 c5 2. c4 Nf6 3. Nc3 d5 4. cxd5 Nxd5 5. g3 Nc6 6. Bg2 Nc7 7. O-O e5 8. d3
Be7 9. Be3 O-O 10. Na4 b6 11. Rc1 Nd5 12. a3 Bd7 13. Qb3 Nxe3 14. fxe3 Bg5 15.
Kf2 Bh6 16. Nc3 Rc8 17. Qd5 Be6 18. Qxd8 Rfxd8 19. Nd1 f6 20. Nd2 Na5 21. Nc3
Kf7 22. b4 cxb4 23. axb4 Nc6 24. Nb5 Nxb4 25. Nxa7 Rxc1 26. Rxc1 Rxd3 27. Rc7+
Rd7 28. Rxd7+ Bxd7 29. Nc4 Nc2 30. Be4 Be6 31. Nxe5+ fxe5 32. Bxc2 g6 33. Nc6
Kf6 34. Bd3 Bf8 35. Ke1 Bc5 36. Kd2 Bd5 37. Bb5 Kg5 38. Nxe5 Bd6 39. Nf3+ Kf5
40. g4+ Kxg4 41. Bd7+ Kh5 42. h3 0-1

[Event "County match"]
[Site "?"]
[Date "1991.12.07"]
[Round "?"]
[White "Stebbings, A."]
[Black "Maguire, P."]
[Result "1-0"]
[WhiteElo "2248"]
[BlackElo "2112"]
[PlyCount "78"]
[EventDate "1991.??.??"]

1. e4 e5 2. Nf3 Nc6 3. Nc3 Nf6 4. d4 exd4 5. Nxd4 d6 6. Bc4 Be7 7. O-O O-O 8.
Re1 Bg4 9. f3 Bd7 10. Be3 a6 11. a4 Nb4 12. Qd2 c5 13. Nde2 Bc6 14. Nf4 Qc7 15.
Ncd5 Nbxd5 16. Bxd5 Rad8 17. c3 h6 18. Qd3 Rfe8 19. Bf2 Qd7 20. Bxc6 Qxc6 21.
c4 g5 22. Ne2 Nd7 23. b3 Ne5 24. Qc2 Bf6 25. Nc3 Ng6 26. Rad1 Nf4 27. Nd5 Be5
28. Nxf4 gxf4 29. g3 Qc8 30. gxf4 Bxf4 31. Bg3 Be5 32. Kh1 Qh3 33. Rg1 Kh8 34.
Qg2 Qxg2+ 35. Rxg2 Bd4 36. Bf2 Be5 37. Be3 Kh7 38. Rgd2 Bf6 39. Rxd6 Bd4 1-0

[Event "London league"]
[Site "?"]
[Date "1991.12.18"]
[Round "?"]
[White "Burke, J."]
[Black "Stebbings, A."]
[Result "1/2-1/2"]
[WhiteElo "2240"]
[BlackElo "2248"]
[PlyCount "63"]
[EventDate "1991.??.??"]

1. d4 Nf6 2. Bg5 Ne4 3. Bf4 d5 4. Nd2 Bf5 5. Nxe4 Bxe4 6. e3 e6 7. Nf3 c6 8.
Bd3 Bxd3 9. Qxd3 Be7 10. O-O O-O 11. e4 Nd7 12. e5 c5 13. c3 Re8 14. g3 Qb6 15.
h4 Rac8 16. Kg2 Rc7 17. Bg5 Bf8 18. b3 Rec8 19. Bf4 Qa6 20. Qxa6 bxa6 21. Rac1
cxd4 22. cxd4 Ba3 23. Rxc7 Rxc7 24. Rd1 Nb8 25. h5 h6 26. Nh2 Rc2 27. Rd2 Rxd2
28. Bxd2 Bb2 29. Nf3 Nc6 30. Be3 Nb4 31. a4 Nc2 32. Kf1 1/2-1/2

[Event "Kent league"]
[Site "?"]
[Date "1992.01.08"]
[Round "?"]
[White "O'Brien, R."]
[Black "Stebbings, A."]
[Result "0-1"]
[WhiteElo "1960"]
[BlackElo "2248"]
[PlyCount "88"]
[EventDate "1992.??.??"]

1. e4 c5 2. Nf3 e6 3. d4 cxd4 4. Nxd4 Nc6 5. c4 Nf6 6. Nxc6 bxc6 7. Bd3 d5 8.
exd5 cxd5 9. O-O Be7 10. cxd5 Nxd5 11. Bb5+ Bd7 12. Qa4 Rb8 13. Bxd7+ Qxd7 14.
Qxd7+ Kxd7 15. Rd1 Bd6 16. Nd2 Rhc8 17. Ne4 Be5 18. Be3 Rxb2 19. Nc5+ Ke7 20.
Rxd5 exd5 21. Nd3 Rcb8 22. Nxb2 Rxb2 23. Bxa7 Re2 24. Kf1 Rxf2+ 25. Kxf2 Bxa1
26. Ke3 Be5 27. h3 Kd7 28. Bd4 f6 29. a4 Kc6 30. Ba7 Kb7 31. Bc5 Kc6 32. Ba7
Bd6 33. Bd4 Bc5 34. Kd3 Bb4 35. g4 Be7 36. Bc3 Bd6 37. Ke3 Kc5 38. Kd3 Be5 39.
Bd2 g6 40. Bc3 Bxc3 41. Kxc3 f5 42. gxf5 gxf5 43. a5 Kb5 44. Kd4 f4 0-1

[Event "Eastman cup"]
[Site "London"]
[Date "1992.01.17"]
[Round "?"]
[White "Ashby, A."]
[Black "Stebbings, A."]
[Result "1/2-1/2"]
[WhiteElo "2120"]
[BlackElo "2248"]
[PlyCount "37"]
[EventDate "1992.??.??"]

1. e4 c5 2. Nc3 Nc6 3. f4 e6 4. Nf3 a6 5. a4 d5 6. d3 Nf6 7. e5 Nd7 8. g3 Be7
9. Bh3 O-O 10. O-O Re8 11. Qe2 Nf8 12. g4 f5 13. Qg2 Ng6 14. Ne2 Nb4 15. Ng3
Rf8 16. gxf5 exf5 17. d4 Be6 18. Rd1 c4 19. Ne1 1/2-1/2

[Event "County match"]
[Site "?"]
[Date "1992.01.25"]
[Round "?"]
[White "Wells, P."]
[Black "Stebbings, A."]
[Result "1-0"]
[WhiteElo "2480"]
[BlackElo "2248"]
[PlyCount "51"]
[EventDate "1992.??.??"]

1. d4 Nf6 2. c4 e6 3. Nf3 Bb4+ 4. Bd2 Qe7 5. g3 Nc6 6. Nc3 O-O 7. Bg2 d5 8.
cxd5 exd5 9. O-O Re8 10. Qb3 Bxc3 11. Bxc3 Qxe2 12. Rfe1 Qa6 13. Rxe8+ Nxe8 14.
Ng5 Qb6 15. Qxd5 Nd6 16. Re1 Nd8 17. Ba5 Qc6 18. Qe5 Qd7 19. Bxc7 h6 20. Bxd6
hxg5 21. Qe8+ Kh7 22. Be4+ g6 23. Bxg6+ Kxg6 24. Qg8+ Kf6 25. Be7+ Qxe7 26.
Qh8+ 1-0

[Event "Kent league"]
[Site "?"]
[Date "1992.01.28"]
[Round "?"]
[White "Stebbings, A."]
[Black "Smart, L."]
[Result "1-0"]
[WhiteElo "2248"]
[BlackElo "2024"]
[PlyCount "53"]
[EventDate "1992.??.??"]

1. d4 Nf6 2. c4 g6 3. Nc3 Bg7 4. e4 d6 5. f3 O-O 6. Be3 Nc6 7. Qd2 a6 8. Nge2
Rb8 9. h4 b5 10. h5 b4 11. Nd5 Re8 12. hxg6 fxg6 13. O-O-O Nxd5 14. cxd5 Na5
15. Nf4 Rb6 16. g3 c6 17. Qh2 h6 18. Nxg6 b3 19. axb3 Nxb3+ 20. Kb1 Rb4 21.
Bxh6 Qa5 22. Bxg7 Qa1+ 23. Kc2 Nxd4+ 24. Bxd4 Qa4+ 25. Kc1 Qa1+ 26. Kd2 Rxd4+
27. Ke3 1-0

[Event "National Club ch."]
[Site "?"]
[Date "1992.02.01"]
[Round "?"]
[White "Stebbings, A."]
[Black "Shire, D."]
[Result "1/2-1/2"]
[WhiteElo "2248"]
[BlackElo "2088"]
[PlyCount "80"]
[EventDate "1992.??.??"]

1. e4 e5 2. Nf3 Nc6 3. Nc3 Nf6 4. d4 exd4 5. Nxd4 Bb4 6. Nxc6 bxc6 7. Bd3 d5 8.
exd5 cxd5 9. O-O O-O 10. Bg5 Be7 11. Bxf6 Bxf6 12. Qh5 g6 13. Qxd5 Be6 14. Qa5
Rb8 15. Rad1 c6 16. Qxa7 Rxb2 17. Ne4 Bd4 18. Qa4 Rxa2 19. Qxc6 Bd5 20. Qd6 f5
21. Qxd8 Rxd8 22. Nd2 Kg7 23. Nb1 Be4 24. Rd2 Bxd3 25. cxd3 Rxd2 26. Nxd2 Bf6
27. Rd1 Rxd3 28. Kf1 Bc3 29. Ke2 Rd8 30. Nf3 Rxd1 31. Kxd1 Kf6 32. Ke2 g5 33.
h3 g4 34. hxg4 fxg4 35. Nh4 Bd4 36. g3 Kg5 37. Ng2 h5 38. Nf4 Bxf2 39. Kxf2 h4
40. Ng2 hxg3+ 1/2-1/2

[Event "Kent league"]
[Site "?"]
[Date "1992.02.03"]
[Round "?"]
[White "Reddie, M."]
[Black "Stebbings, A."]
[Result "0-1"]
[WhiteElo "1872"]
[BlackElo "2248"]
[PlyCount "72"]
[EventDate "1992.??.??"]

1. d4 Nf6 2. c4 e6 3. Nc3 Bb4 4. e3 c5 5. Nge2 cxd4 6. exd4 d5 7. a3 Be7 8. Ng3
O-O 9. Be2 Nc6 10. Be3 b6 11. cxd5 Nxd5 12. Nxd5 Qxd5 13. Bf3 Qd7 14. Qa4 Bb7
15. O-O Rfd8 16. Kh1 Na5 17. Qxd7 Rxd7 18. Bxb7 Nxb7 19. Rac1 Rad8 20. Ne4 h6
21. g3 Na5 22. Rc3 b5 23. Nc5 Rd5 24. b3 Bf6 25. b4 Nc4 26. a4 Bxd4 27. Bxd4
Rxd4 28. axb5 Nd6 29. Ra3 Nxb5 30. Ra5 Rxb4 31. Kg2 Rd2 32. Rfa1 Rbb2 33. Ne4
Re2 34. R5a4 f5 35. Nc5 Rxf2+ 36. Kg1 Rg2+ 0-1

[Event "London league"]
[Site "?"]
[Date "1992.02.13"]
[Round "?"]
[White "Stebbings, A."]
[Black "Sherman, D."]
[Result "1-0"]
[WhiteElo "2248"]
[BlackElo "2184"]
[PlyCount "63"]
[EventDate "1992.??.??"]

1. d4 g6 2. e4 Bg7 3. Nc3 d6 4. Nge2 Nf6 5. g3 O-O 6. Bg2 c6 7. O-O e5 8. a4 a5
9. h3 Na6 10. Be3 Nb4 11. Qd2 Nd7 12. Rad1 exd4 13. Nxd4 Ne5 14. b3 c5 15. Ndb5
Bxh3 16. Nxd6 Bxg2 17. Kxg2 b6 18. Ncb5 Qe7 19. c3 Na6 20. Qd5 Rab8 21. Rd2 Nc7
22. Nxc7 Qxc7 23. Rfd1 Rfd8 24. Bf4 Qe7 25. Nf5 gxf5 26. Qxd8+ Rxd8 27. Rxd8+
Bf8 28. Bh6 Ng6 29. exf5 Qe4+ 30. Kg1 Qxf5 31. Rxf8+ Nxf8 32. Rd8 1-0

[Event "London league"]
[Site "?"]
[Date "1992.02.26"]
[Round "?"]
[White "Stebbings, A."]
[Black "Sedgwick, D."]
[Result "1/2-1/2"]
[WhiteElo "2248"]
[BlackElo "2000"]
[PlyCount "122"]
[EventDate "1992.??.??"]

1. d4 d5 2. c4 Bf5 3. Nc3 Nf6 4. cxd5 Nxd5 5. Qb3 Nxc3 6. bxc3 Nd7 7. Nf3 e6 8.
e3 Bd6 9. Be2 b6 10. Nd2 O-O 11. e4 Bg6 12. e5 Be7 13. O-O c5 14. Bf3 Rc8 15.
Ne4 cxd4 16. cxd4 Qc7 17. Ba3 Bxa3 18. Qxa3 Bxe4 19. Bxe4 Qc4 20. Rfd1 Nc5 21.
Rac1 Qa4 22. Qxa4 Nxa4 23. Bc6 b5 24. Bxb5 Nc3 25. Ba6 Rc6 26. Kf1 Rxa6 27.
Rxc3 Rxa2 28. d5 exd5 29. Rxd5 Rb8 30. g3 g6 31. Rd7 a5 32. Rcc7 Ra1+ 33. Kg2
Rf8 34. Ra7 a4 35. e6 Re1 36. exf7+ Kg7 37. Rxa4 Rxf7 38. Rxf7+ Kxf7 39. Ra7+
Kg8 40. Kf3 Re5 41. Kg4 Rb5 42. f4 Rc5 43. Re7 Ra5 44. Kf3 Ra4 45. g4 Ra3+ 46.
Ke4 Ra6 47. Ke5 Rb6 48. Re6 Rb7 49. Kf6 Rf7+ 50. Kg5 Kg7 51. f5 gxf5 52. gxf5
h6+ 53. Kg4 Ra7 54. Rg6+ Kh7 55. Kh5 Ra2 56. Rxh6+ Kg7 57. Rg6+ Kf7 58. h4 Rf2
59. Kg5 Rg2+ 60. Kh6 Rf2 61. Rg5 Kf6 1/2-1/2

[Event "County match"]
[Site "?"]
[Date "1992.02.29"]
[Round "?"]
[White "Stebbings, A."]
[Black "Kenworthy, G."]
[Result "1-0"]
[WhiteElo "2248"]
[BlackElo "2168"]
[PlyCount "94"]
[EventDate "1992.??.??"]

1. d4 Nf6 2. c4 e5 3. dxe5 Ng4 4. Bf4 Nc6 5. Nf3 Bb4+ 6. Nbd2 Qe7 7. e3 Ngxe5
8. Nxe5 Nxe5 9. Be2 b6 10. O-O Bb7 11. Nf3 Bd6 12. Nd4 g5 13. Nf5 Qf6 14. Nxd6+
cxd6 15. Bg3 h5 16. f4 gxf4 17. exf4 h4 18. fxe5 Qg5 19. Bg4 hxg3 20. h3 O-O-O
21. Qxd6 Rh4 22. Qd4 Bc6 23. Rad1 Rxg4 24. Qxg4 Qe3+ 25. Kh1 Qxe5 26. b3 Re8
27. Rd3 Qe1 28. Kg1 Re2 29. Rxg3 Qd2 30. a4 a5 31. Rxf7 Re4 32. Qg8+ Kb7 33.
Rf1 Re2 34. Qg5 Qd4+ 35. Kh2 Qe4 36. h4 Qd4 37. Rg1 Re4 38. Rh3 Rg4 39. Qf5 Rf4
40. Qd3 Qe5 41. Kh1 Qh5 42. Qg3 Qf5 43. Rh2 Rg4 44. Qe3 Qh5 45. Qf2 Re4 46. Re1
Rg4 47. Kg1 Rg6 1-0